000 00473nam a2200169Ia 4500
005 20260122095439.0
008 260121s9999||||xx |||||||||||||| ||und||
020 _a9780367566975
082 _a791.4302
_bMIR
100 _aMirvish, Dan
245 0 _aCheerful subversive's guide to independent filmmaking /
250 _a2nd ed.
260 _aUnited Kingdom :
_bTaylor and Francis,
_c2021.
300 _axxv, 251p.; pbk
650 _aIndependent filmmaking
942 _cTB
999 _c47829
_d47829